000 00587cab a2200193 4500
001 X448
008 090401t1993 xxu||||| |||| 00| 0 eng d
035 _a(Sirsi) u65671
041 _aeng
245 _aSolicitors are denied arbitration monopoly
260 _c1993
350 _a0
490 _aChartered Quantity Surveyor
_v15(6) February 1993, 4(1)
650 _aPIPER DOUBLE GLAZING V DC CONTRACTS
650 _aSOLICITORS
690 _aMANAGEMENT-DISPUTE AVOIDANCE, MANAGEMENT AND RESOLUTION-DISPUTE MANAGEMENT AND RESOLUTION-ARBITRATION
942 _n0
948 _c04/03/1997
999 _c40977
_d40977